Évolution logo Google - Clic Quiz - Statistiques

Statistiques générales
  • Ce quiz a été pris 89 fois
  • Le résultat moyen est 5 sur 9
Statistiques - réponses
Hint Réponse % Correct
1995 - 1997
82%
2015 - présent
76%
2013 - 2015
60%
1997 - 1998
58%
2010 - 2013
45%
1998 - 1999
40%
1998
38%
1999 - 2010
33%
1999 - 2013
27%
Aucun quiz correspondant
Distribution des résultats
% des personnes avec chaque résultat
Percentile par nombre de réponses
Votre historique - résultats
Vous n’avez pas pris ce quiz